Estudio de prefactibilidad para la creación de una empresa de servicios eléctricos en la ciudad de Managua durante el periodo 2019-2023

El presente trabajo monográfico presenta un estudio de prefactibilidad para la creación de una empresa de servicios eléctricos en la ciudad de Managua durante el periodo 2019-2023 en el cual se realizó una investigación de mercado para el cálculo de la demanda potencial insatisfecha así con u...

Full description

Bibliographic Details
Main Authors: Bendaña Silva, Jaime David, Treminio Vásquez, Ana Carolina, Ruiz Matamoros, David Alexander
Other Authors: Tutor: Vílchez Torres, Marcos Luis
Format: Tesis Section = Libro
Language:Undetermined
Spanish
Published: Managua UNI 2018
Subjects:
LEADER 01355nam a2200289Ia 4500
008 240830s9999 xx 000 0 und d
040 |a BIBLIOTECA-RUPAP Mon 658.11 B458 
041 |a spa 
082 |a Mon 658.11 B458 
100 1 |a Bendaña Silva, Jaime David 
100 1 |b  Treminio Vásquez, Ana Carolina 
100 1 |c Ruiz Matamoros, David Alexander 
245 1 0 |a Estudio de prefactibilidad para la creación de una empresa de servicios eléctricos en la ciudad de Managua durante el periodo 2019-2023 
260 |a Managua  |b UNI  |c 2018 
300 |a 182 p. :il. 
500 |a Contiene anexos y CD 
502 |a Tesis (Ingeniero Industrial)- UNI, 2018. 
520 3 |a El presente trabajo monográfico presenta un estudio de prefactibilidad para la creación de una empresa de servicios eléctricos en la ciudad de Managua durante el periodo 2019-2023 en el cual se realizó una investigación de mercado para el cálculo de la demanda potencial insatisfecha así con un estudio técnico para la determinación del tamaño óptimo, localización y equipos. 
650 7 |a NUEVAS EMPRESAS 
650 7 |b ESTUDIO DE FACTIBILIDAD 
650 7 |c ESTUDIO DE MERCADO 
650 7 |d ESTUDIO ORGANIZACIONAL 
650 7 |e ESTUDIO FINANCIERO 
700 1 |a Tutor:  |b Vílchez Torres, Marcos Luis 
942 |c BK  |2 ddc 
991 |a TESIS 
999 |c 16856